000 00886nam a22002777a 4500
001 BR7803270
003 BR-BrBNA
005 20230928085613.0
007 ta
008 230509b bl.||||| |||| 00| 0 por d
040 _aBR-BrBNA
_bpor
_cBiblioteca Nacional de Agricultura
041 _a(Por)
072 _aE30
_b/G514
090 _ E30 BR7803270
110 1 _aSuperintendencia do Desenvolvimento do Nordeste, Recife, PE (Brasil). Depto. de Industria e Comercio
_910157
245 1 _aProjetos agropecuarios aprovados ate 30.03.1978 (Valores em cr$1,00 - precos correntes)[Nordeste, Brasil]
260 3 _aRecife, PE (Brasil):
_c1978.
300 _a66 p.
500 _aNumerical data
650 _aPROJETO DE DESENVOLVIMENTO
650 _aPROJETO AGRICOLA
650 _aPROJETO PECUARIO
650 _aREGIAO NORDESTE
909 _a202309
_bLucia
_c55
_dLucia Elande
942 _cBK
999 _c25327
_d25327